[Event "LiSB-ch Veterans"]
[Site "Sittard"]
[Date "2003.12.07"]
[Round "5"]
[White "Meijerink, Harrie"]
[Black "Sauer, Bob"]
[Result "1-0"]
[WhiteElo "1663"]
[BlackElo "1709"]
[PlyCount "51"]
[EventDate "2003.11.29"]
[EventType "swiss"]
[EventRounds "5"]
[EventCountry "NED"]
[SourceTitle "EXT 2009"]
[Source "ChessBase"]
[SourceDate "2008.11.26"]
[SourceVersion "1"]
[SourceVersionDate "2008.11.26"]
[SourceQuality "1"]

1. d4 d5 2. c4 e6 3. Nc3 Be7 4. Nf3 Nf6 5. Bg5 c6 6. e3 0-0 7. Be2 Nbd7 8. 0-0 Re8 9. Qc2 Qc7 10. Rac1 Nb6 11. b3 a6 12. Bd3 h6 13. Bf4 Qd8 14. c5 Nbd7 15. h3 Nf8 16. Na4 N6d7 17. Nh2 f5 18. g4 Ng6 19. Bg3 Nh4 20. Kh1 Rf8 21. Bxh4 Bxh4 22. gxf5 exf5 23. Bxf5 Qg5 24. Bh7+ Kh8 25. f4 Qg3 26. Rf3 1-0

[Event "LiSB-ch Veterans"]
[Site "Sittard"]
[Date "2003.11.30"]
[Round "3"]
[White "Schreinemachers, Jo"]
[Black "Meijerink, Harrie"]
[Result "1-0"]
[WhiteElo "1615"]
[BlackElo "1663"]
[PlyCount "91"]
[EventDate "2003.11.29"]
[EventType "swiss"]
[EventRounds "5"]
[EventCountry "NED"]
[SourceTitle "EXT 2009"]
[Source "ChessBase"]
[SourceDate "2008.11.26"]
[SourceVersion "1"]
[SourceVersionDate "2008.11.26"]
[SourceQuality "1"]

1. d4 d5 2. c4 c6 3. Nf3 Nf6 4. e3 e6 5. Nc3 Nbd7 6. Bd3 dxc4 7. Bxc4 b5 8. Bd3 a6 9. e4 Bb7 10. 0-0 c5 11. e5 c4 12. Bc2 Nd5 13. Bg5 Be7 14. Ne4 0-0 15. Bxe7 Qxe7 16. Nd6 Bc6 17. Qd2 h6 18. Rad1 N7b6 19. Rfe1 Nc8 20. Ne4 a5 21. Bb1 b4 22. Qc2 f5 23. exf6 Nxf6 24. Nxf6+ gxf6 25. Qxc4 Bd5 26. Qd3 Rf7 27. Nh4 f5 28. Nf3 Nd6 29. Ne5 Rg7 30. g3 Qh4 31. Qf1 h5 32. Re3 Qf6 33. f4 h4 34. Rd2 Rc8 35. b3 Qh6 36. Kf2 hxg3+ 37. hxg3 Qh2+ 38. Ke1 Rc1+ 39. Rd1 Rxg3 40. Rxg3+ Qxg3+ 41. Kd2 Rc3 42. Qg1 Kf8 43. Qxg3 Rxg3 44. Ke2 Rh3 45. Rg1 Rh4 46. Ng6+ 1-0

[Event "LiSB-ch Veterans"]
[Site "Sittard"]
[Date "2003.11.29"]
[Round "1"]
[White "Meijerink, Harrie"]
[Black "De Wit, Gerrit"]
[Result "0-1"]
[WhiteElo "1663"]
[BlackElo "1740"]
[PlyCount "109"]
[EventDate "2003.11.29"]
[EventType "swiss"]
[EventRounds "5"]
[EventCountry "NED"]
[SourceTitle "EXT 2009"]
[Source "ChessBase"]
[SourceDate "2008.11.26"]
[SourceVersion "1"]
[SourceVersionDate "2008.11.26"]
[SourceQuality "1"]

1. d4 Nf6 2. c4 g6 3. Nc3 Bg7 4. e4 d6 5. Nf3 0-0 6. Be2 e5 7. Be3 Ng4 8. Bg5 f6 9. Bh4 Nd7 10. h3 Nh6 11. 0-0 c6 12. b4 Qe7 13. d5 g5 14. Bg3 f5 15. Nd2 c5 16. b5 Nf6 17. f3 Nh5 18. Bf2 Nf4 19. Kh2 Nxe2 20. Qxe2 g4 21. hxg4 fxg4 22. Rh1 Qg5 23. Qe3 Qg6 24. Ne2 Rf7 25. Raf1 Bd7 26. f4 Rxf4 27. g3 Rff8 28. Kg2 Nf7 29. Be1 Ng5 30. Ng1 Rxf1 31. Kxf1 Rf8+ 32. Ke2 Nh3 33. Kd3 Bh6 34. Qe2 Qf6 35. Nxh3 gxh3 36. g4 Qf4 37. Rxh3 Kh8 38. Rg3 Rg8 39. Nf1 Rxg4 40. Rxg4 Bxg4 41. Qf2 Bg5 42. Ne3 Qxf2 43. Bxf2 Bd7 44. Nf5 Bxf5 45. exf5 Kg7 46. Ke4 Kf6 47. Bxc5 dxc5 48. d6 h5 49. d7 Ke7 50. Kxe5 Kxd7 51. Kd5 b6 52. Ke4 Kd6 53. a3 h4 54. Kf3 Ke5 55. Kg4 0-1

[Event "LiSB-ch Veterans"]
[Site "Stein"]
[Date "2002.12.01"]
[Round "3"]
[White "Michon, John"]
[Black "Meijerink, Harrie"]
[Result "1-0"]
[WhiteElo "1689"]
[BlackElo "1691"]
[PlyCount "29"]
[EventDate "2002.11.30"]
[EventType "swiss"]
[EventRounds "5"]
[EventCountry "NED"]
[SourceTitle "EXT 2013"]
[Source "ChessBase"]
[SourceDate "2012.11.22"]
[SourceVersion "1"]
[SourceVersionDate "2012.11.22"]
[SourceQuality "1"]

1. d4 d5 2. c4 c6 3. Nc3 Nf6 4. cxd5 cxd5 5. Nf3 Nc6 6. Bg5 e6 7. e3 Be7 8. Bd3 Qb6 9. Qe2 h6 10. Bh4 0-0 11. 0-0 Nb4 12. Bb1 Re8 13. a3 Qa5 14. axb4 Qxa1 15. Bh7+ 1-0

[Event "LiSB-ch Veterans"]
[Site "Stein"]
[Date "2000.11.26"]
[Round "2"]
[White "Meijerink, Harrie"]
[Black "Ebel, Huub"]
[Result "1-0"]
[WhiteElo "1670"]
[BlackElo "1264"]
[PlyCount "67"]
[EventDate "2000.11.25"]
[EventType "swiss"]
[EventRounds "5"]
[EventCountry "NED"]
[SourceTitle "EXT 2013"]
[Source "ChessBase"]
[SourceDate "2012.11.22"]
[SourceVersion "1"]
[SourceVersionDate "2012.11.22"]
[SourceQuality "1"]

1. c4 e5 2. Nc3 Nc6 3. g3 Bb4 4. Bg2 Bxc3 5. bxc3 Nge7 6. a4 a5 7. Ba3 0-0 8. Rb1 Re8 9. Nh3 d5 10. cxd5 Nxd5 11. 0-0 Bxh3 12. Bxh3 Rb8 13. Qc2 Nf6 14. Bg2 Qd7 15. d3 b6 16. Bc1 Ng4 17. Qb3 Re6 18. Bh3 f5 19. f3 Nh6 20. Bxh6 gxh6 21. Bxf5 Rbe8 22. Bxe6+ Rxe6 23. f4 Kg7 24. Qc4 h5 25. f5 Rf6 26. e4 Ne7 27. Rf3 Ng8 28. Rb5 Qd6 29. Rd5 Qa3 30. Qxc7+ Kh6 31. Qxe5 Qc1+ 32. Kg2 Qd2+ 33. Rf2 Qg5 34. Qf4 1-0

[Event "LiSB-ch Veterans"]
[Site "Stein"]
[Date "2000.11.25"]
[Round "1"]
[White "Michon, John"]
[Black "Meijerink, Harrie"]
[Result "1-0"]
[WhiteElo "1606"]
[BlackElo "1670"]
[PlyCount "53"]
[EventDate "2000.11.25"]
[EventType "swiss"]
[EventRounds "5"]
[EventCountry "NED"]
[SourceTitle "EXT 2013"]
[Source "ChessBase"]
[SourceDate "2012.11.22"]
[SourceVersion "1"]
[SourceVersionDate "2012.11.22"]
[SourceQuality "1"]

1. d4 Nf6 2. c4 e6 3. Nc3 Bb4 4. Bd2 0-0 5. Nf3 Re8 6. a3 Bf8 7. e4 d6 8. Bd3 Nbd7 9. e5 dxe5 10. dxe5 Nc5 11. Bb1 Nfd7 12. Qc2 g6 13. b4 Na6 14. Ne4 Bg7 15. Bc3 b6 16. 0-0 Bb7 17. Qe2 Nab8 18. Rd1 Qe7 19. Bc2 Rd8 20. Rd2 Nc6 21. Ng3 Qf8 22. Rad1 Ndb8 23. Rxd8 Nxd8 24. Ne4 Qe7 25. Nf6+ Kh8 26. Ng5 h6 27. Rxd8+ 1-0